01489nam a22003737a 4500003000500000005001700005008004100022010001000063011001000073035001000083040000900093090001000102100003800112245009900150260003900249300001000288502012000298590003700418590004100455590004100496590004100537590004200578650003300620650003300653650003400686650003100720901000700751942000900758949003600767949004100803999001700844952012600861952012800987CHAP20220329140552.0971013s1976 r 00010 d a54082 a55054 a59206 cCHAP aTesis00aPrado Martínez, Ricardo.991268 aEstimación de parámetros genéticos y su uso en el mejoramiento genético del algodonero aMonterrey, N.L. :bEl autor,c1976 a71 h. aTesis (M.C. Esp. en Fitomejoramiento) -- ITESM. Div. de Ciencias Agropecuarias y Marítimas. Programa de Graduados aALEPHb10c20130110lUCH01h1331 aBATCH-UPDb10c20130110lUCH01h1153 aBATCH-UPDb10c20130410lUCH01h0736 aBATCH-UPDb10c20130914lUCH01h0058 aCONVERSIONb10c20130109lUCH01h132914aAlgodónxGenética.9401714aAlgodónxHíbridos.9402214aAlgodónxRendimiento.9405314aAlgodonxVariedades.94068 aBK cFOLL bBCcTESd-128092eTS1i59206si bBCcTESd-128093eTS2fc.2i59206si c54082d54082 00102local4053708TESISaBCbBCcPA_TESISd2012-12-17fTESISl0p-128093r2019-12-31 00:00:00tc.2w2019-12-31yTESIS 00102local4051718TESISaBCbBCcPA_TESISd2012-12-17fTESISl0oTesisp-128092r2019-12-31 00:00:00w2019-12-31yTESIS